000 00293nam a22001337a 4500
008 170224b xxu||||| |||| 00| 0 eng d
020 _a9780781770767
041 _aeng
080 _25TH
_a617
100 _a5
101 _aSHK
245 _aSURGICAL RECALL
_cBLACKBOURNE, L.H
942 _2udc
_cBK
999 _c6233
_d6233